Statistics for 1,000 World Cities furthest from Larger City by Non-Proximity

Click here to take the quiz!

General Stats

  • This quiz has been taken 5,677 times
  • The average score is 789 of 1000

Answers on the Map

Answers color-coded by a green-red scale on the quiz's map according to % correct below.
 

Answer Stats

#LatLon Pop (k) Country D (km) City% Correct
48-34.93138.6 1,300 Australia 655 Adelaide
99%
90-35117.87 33 Australia 276 Albany
99%
132-36.85174.76 1,470 New Zealand 2,161 Auckland
99%
107-24.88113.66 7 Australia 442 Carnarvon
99%
97-28.78114.61 26 Australia 371 Geraldton
99%
73-42.88147.33 216 Australia 582 Hobart
99%
126-12.05-77.05 9,950 Peru 3,130 Lima
99%
64-37.82144.98 4,400 Australia 708 Melbourne
99%
56-34.19142.16 30 Australia 327 Mildura
99%
96-31.96115.84 2,075 Australia 2,729 Perth
99%
109-49.3570.22 - France 3,345 Port-aux-Francais
99%
164-33.45-70.67 7,050 Chile 1,139 Santiago
99%
132-41.29174.78 381 New Zealand 490 Wellington
99%
178-25.07-130.1 - United Kingdom 539 Adamstown
98%
69-23.7133.88 25 Australia 1,284 Alice Springs
98%
31-18.9247.52 2,225 Madagascar 1,610 Antananarivo
98%
145-23.65-70.4 309 Chile 521 Antofagasta
98%
132-16.4-71.54 841 Peru 361 Arequipa
98%
131-25.3-57.64 2,200 Paraguay 825 Asunción
98%
208-21.21-159.78 13 New Zealand 1,139 Avarua
98%
110-15.78-47.92 3,825 Brazil 623 Brasília
98%
54-31.96141.46 18 Australia 255 Broken Hill
98%
97-17.96122.24 12 Australia 462 Broome
98%
134-34.6-58.4 15,800 Argentina 1,674 Buenos Aires
98%
66-35.28149.13 367 Australia 241 Canberra
98%
59-32.12133.68 1 Australia 336 Ceduna
98%
125-43.53172.63 363 New Zealand 305 Christchurch
98%
130-17.41-66.17 1,200 Bolivia 233 Cochabamba
98%
172-45.58-72.07 45 Chile 357 Coihaique
98%
165-45.86-67.5 140 Argentina 656 Comodoro Rivadavia
98%
55-29.01134.75 1 Australia 268 Coober Pedy
98%
155-27.37-70.33 129 Chile 295 Copiapo
98%
159-29.95-71.34 161 Chile 320 Coquimbo
98%
115-45.87170.5 114 New Zealand 310 Dunedin
98%
78-33.86121.88 7 Australia 347 Esperance
98%
138-22.35-60.03 8 Paraguay 233 Filadelfia
98%
112-10.42105.68 - Australia 391 Flying Fish Cove
98%
84-18.22127.67 1 Australia 294 Halls Creek
98%
133-14.07-75.73 246 Peru 228 Ica
98%
139-20.22-70.14 227 Chile 244 Iquique
98%
108-6.17106.83 28,100 Indonesia 3,319 Jakarta
98%
82-30.75121.47 31 Australia 542 Kalgoorlie
98%
129-16.5-68.15 1,890 Bolivia 1,078 La Paz
98%
1451.5-0.12 14,400 United Kingdom 2,508 London
98%
12014.6120.98 23,300 Philippines 1,242 Manila
98%
155-38.95-68.06 242 Argentina 503 Neuquen
98%
96-23.36119.74 5 Australia 356 Newman
98%
124-15.23-59.34 29 Brazil 232 Pontes e Lacerda
98%
101-20.31118.61 15 Australia 1,021 Port Hedland
98%
57-34.73135.87 13 Australia 244 Port Lincoln
98%
172-41.47-72.94 160 Chile 304 Puerto Montt
98%
180-23.12-134.97 1 France 1,536 Rikitea
98%
102-22.93-43.23 12,700 Brazil 354 Rio de Janeiro
98%
52-30.56136.9 4 Australia 228 Roxby Downs
98%
45-20.8855.45 137 France 228 Saint-Denis
98%
148-33.3-66.34 183 Argentina 236 San Luis
98%
128-17.75-63.23 1,860 Bolivia 542 Santa Cruz
98%
106-23.56-46.63 21,800 Brazil 7,423 São Paulo
98%
68-33.92151.19 4,900 Australia 5,380 Sydney
98%
135-18.01-70.25 280 Peru 224 Tacna
98%
166-36.72-73.12 252 Chile 415 Talcahuano
98%
136-21.54-64.73 159 Bolivia 282 Tarija
98%
168-38.74-72.6 238 Chile 228 Temuco
98%
7535.69139.75 39,500 Japan 2,903 Tokyo
98%
145-43.95-176.56 - New Zealand 684 Waitangi
98%
111-12.1696.82 - Australia 985 West Island
98%
35-25.1846.09 66 Madagascar 318 Ambovombe
97%
118-9.17-60.63 26 Brazil 238 Aripuana
97%
143-38.72-62.27 276 Argentina 419 Bahia Blanca
97%
123-15.89-52.26 52 Brazil 227 Barra do Garcas
97%
7039.93116.39 21,100 China 958 Beijing
97%
864.6-74.08 9,350 Colombia 1,869 Bogotá
97%
131-31.39-58.02 145 Argentina 240 Concordia
97%
144-31.4-64.18 1,620 Argentina 646 Córdoba
97%
129-19.01-57.65 96 Brazil 352 Corumba
97%
123-15.6-56.1 521 Brazil 557 Cuiaba
97%
125-13.52-71.97 312 Peru 321 Cusco
97%
21-29.8730.98 3,225 South Africa 501 Durban
97%
24-33.0227.91 478 South Africa 239 East London
97%
161-27.11-109.35 4 Chile 3,530 Hanga Roa
97%
10321.31-157.86 1,000 United States 3,852 Honolulu
97%
121-9.93-76.24 147 Peru 248 Huanuco
97%
135-23.9-61.85 10 Argentina 241 Ingeniero Guillermo N. Juarez
97%
120-10.89-61.95 107 Brazil 317 Ji Parana
97%
11-26.1728.03 13,400 South Africa 4,483 Johannesburg
97%
1063.17101.7 7,000 Malaysia 1,006 Kuala Lumpur
97%
3340.4-3.68 6,250 Spain 1,054 Madrid
97%
135-38-57.56 553 Argentina 343 Mar del Plata
97%
86-77.85166.68 1 United States 3,482 McMurdo Station
97%
2819.44-99.13 22,100 Mexico 11,319 Mexico City
97%
1613.91-159.39 - Kiribati 297 Napari Village
97%
2340.75-73.98 22,000 United States 3,360 New York
97%
156-21.14-175.2 22 Tonga 744 Nuku'alofa
97%
108-10.17-48.33 196 Brazil 521 Palmas
97%
1948.872.33 11,200 France 341 Paris
97%
25-33.9725.6 1,210 South Africa 662 Port Elizabeth
97%
47-20.1657.5 155 Mauritius 880 Port Louis
97%
58-19.6863.42 6 Mauritius 596 Port Mathurin
97%
118-8.76-63.9 306 Brazil 759 Porto Velho
97%
127-27.37-55.9 312 Argentina 242 Posadas
97%
166-53.15-70.91 117 Chile 847 Punta Arenas
97%
106-0.21-78.5 2,550 Ecuador 272 Quito
97%
135-27.46-58.98 387 Argentina 274 Resistencia
97%
119-11.01-66.06 74 Bolivia 222 Riberalta
97%
120-9.97-67.81 257 Brazil 449 Rio Branco
97%
136-32.95-60.67 1,340 Argentina 278 Rosario
97%
143-24.79-65.41 512 Argentina 226 Salta
97%
143-26.82-65.22 781 Argentina 517 San Miguel de Tucuman
97%
146-36.62-64.28 111 Argentina 293 Santa Rosa
97%
9931.22121.44 30,900 China 1,201 Shanghai
97%
1071.29103.86 6,900 Singapore 316 Singapore
97%
123-11.86-55.5 116 Brazil 417 Sinop
97%
129-18.14178.44 77 Fiji 1,332 Suva
97%
123-12.73-69.18 38 Peru 314 Tambopata
97%
156-43.25-65.31 93 Argentina 338 Trelew
97%
121-14.83-64.9 84 Bolivia 313 Trinidad
97%
117-8.12-79.03 747 Peru 483 Trujillo
97%
157-54.8-68.3 58 Argentina 250 Ushuaia
97%
148-40.81-63 48 Argentina 229 Viedma
97%
121-12.74-60.15 63 Brazil 284 Vilhena
97%
172-19.06-169.92 - New Zealand 430 Alofi
96%
21-12.2849.29 82 Madagascar 497 Antsiranana
96%
157-13.83-171.77 40 Samoa 1,151 Apia
96%
161-9.8-139.03 1 France 1,401 Atuona
96%
125-1.24116.89 700 Indonesia 514 Balikpapan
96%
935.5695.32 250 Indonesia 429 Banda Aceh
96%
10213.75100.52 16,900 Thailand 1,533 Bangkok
96%
102-19.92-43.92 4,925 Brazil 340 Belo Horizonte
96%
105-3.8102.27 309 Indonesia 285 Bengkulu
96%
64-27.46153.04 2,900 Australia 738 Brisbane
96%
913.4-76.5 2,925 Colombia 299 Cali
96%
128-20.44-54.65 729 Brazil 619 Campo Grande
96%
8210.5-66.92 3,700 Venezuela 1,025 Caracas
96%
11810.32123.9 2,275 Philippines 570 Cebu
96%
125-25.51-54.61 320 Paraguay 305 Ciudad del Este
96%
119-7.63-72.67 79 Brazil 223 Cruzeiro do Sul
96%
1167.11125.63 1,340 Philippines 402 Davao
96%
116-6.66-69.87 17 Brazil 268 Eirunepe
96%
188-17.55-149.6 29 France 2,409 Faaa
96%
1075.41100.33 1,550 Malaysia 275 George Town
96%
104-2.22-79.92 3,000 Ecuador 994 Guayaquil
96%
12410.78106.7 8,250 Vietnam 748 Ho Chi Minh City
96%
112-3.75-73.25 437 Peru 702 Iquitos
96%
123-17.88-51.71 76 Brazil 266 Jatai
96%
118-3.98122.52 195 Indonesia 365 Kendari
96%
84-15.78128.74 5 Australia 405 Kununurra
96%
112-4.22-69.94 29 Colombia 371 Leticia
96%
2633.99-118.18 17,600 United States 2,479 Los Angeles
96%
29-16.1749.77 41 Madagascar 222 Mananara
96%
112-3.1-60 2,075 Brazil 1,294 Manaus
96%
14-25.9632.59 2,200 Mozambique 456 Maputo
96%
1013.5898.65 3,425 Indonesia 342 Medan
96%
796.28-75.58 3,800 Colombia 248 Medellín
96%
1284.41114.01 228 Malaysia 286 Miri
96%
971.2-70.17 5 Colombia 314 Mitu
96%
203-22.45-151.34 1 France 553 Moerai
96%
26-20.2944.32 36 Madagascar 282 Morondava
96%
160-18.65-173.98 4 Tonga 303 Neiafu
96%
122-0.89119.87 282 Indonesia 306 Palu
96%
748.97-79.53 1,460 Panama 511 Panama City
96%
116-30.05-51.2 4,075 Brazil 844 Porto Alegre
96%
116-8.38-74.55 310 Peru 413 Pucallpa
96%
81-0.74-90.31 8 Ecuador 1,054 Puerto Ayora
96%
88-12.97-38.48 3,650 Brazil 667 Salvador
96%
114-6.64-52 16 Brazil 339 Sao Felix do Xingu
96%
111-6.97110.42 2,050 Indonesia 259 Semarang
96%
138-51.7-57.85 2 United Kingdom 726 Stanley
96%
28-23.3543.67 115 Madagascar 409 Toliara
96%
187-16.51-151.75 4 France 256 Vaitape
96%
105-3.2-52.21 70 Brazil 288 Altamira
95%
110-3.7128.18 355 Indonesia 682 Ambon
95%
100-7.53-46.04 68 Brazil 242 Balsas
95%
2841.382.18 4,650 Spain 506 Barcelona
95%
8710.13-64.7 424 Venezuela 241 Barcelona
95%
101-12.15-44.99 158 Brazil 425 Barreiras
95%
98-1.45-48.48 2,150 Brazil 1,129 Belém
95%
1022.82-60.67 235 Brazil 649 Boa Vista
95%
15-33.9218.43 4,125 South Africa 1,261 Cape Town
95%
108-4.88-66.9 18 Brazil 296 Carauari
95%
46-16.659.66 - Mauritius 431 Cargados Carajos
95%
56-31.5145.84 4 Australia 241 Cobar
95%
406.9379.86 4,675 Sri Lanka 682 Colombo
95%
113-25.42-49.32 3,275 Brazil 342 Curitiba
95%
7414.72-17.47 3,300 Senegal 1,800 Dakar
95%
12016.07108.22 752 Vietnam 493 Da Nang
95%
2128.6777.23 26,400 India 3,654 Delhi
95%
106-8.56125.57 150 East Timor 280 Dili
95%
1753.33-6.25 1,330 Ireland 221 Dublin
95%
20-33.9622.46 174 South Africa 272 George
95%
1180.54123.06 144 Indonesia 224 Gorontalo
95%
95-18.85-41.95 250 Brazil 222 Governador Valadares
95%
108-54.28-36.51 - United Kingdom 1,455 Grytviken
95%
97-14.22-42.78 58 Brazil 221 Guanambi
95%
11223.14113.33 47,700 China --- Guangzhou
95%
4414.62-90.53 3,000 Guatemala 1,059 Guatemala City
95%
11720.05110.32 1,800 China 370 Haikou
95%
10221.03105.85 2,950 Vietnam 322 Hanoi
95%
3523.13-82.36 2,225 Cuba 365 Havana
95%
11219.73-155.09 43 United States 337 Hilo
95%
103-5.53-47.49 218 Brazil 463 Imperatriz
95%
112-4.28-55.98 64 Brazil 247 Itaituba
95%
116-6.22-57.75 1 Brazil 287 Jacareacanga
95%
101-29.05167.97 - Australia 709 Kingston
95%
696.96158.21 6 Federated States of Micronesia 561 Kolonia
95%
1265.97116.07 457 Malaysia 671 Kota Kinabalu
95%
1211.55110.33 570 Malaysia 702 Kuching
95%
4238.72-9.14 2,600 Portugal 504 Lisbon
95%
118-23.31-51.16 471 Brazil 299 Londrina
95%
21-15.7246.32 154 Madagascar 376 Mahajanga
95%
118-5.14119.43 1,780 Indonesia 775 Makassar
95%
15-12.7845.23 54 France 345 Mamoudzou
95%
1141.48124.85 451 Indonesia 513 Manado
95%
5812.15-86.27 1,340 Nicaragua 342 Managua
95%
3725.79-80.22 6,100 United States 1,484 Miami
95%
100-16.74-43.86 332 Brazil 336 Montes Claros
95%
13-11.743.26 42 Comoros 245 Moroni
95%
12612.25109.19 283 Vietnam 296 Nha Trang
95%
94-22.28166.46 93 France 1,457 Noumea
95%
8334.75135.46 17,800 Japan 404 Osaka
95%
107-2.98104.75 1,690 Indonesia 421 Palembang
95%
1035.87-55.17 223 Suriname 346 Paramaribo
95%
1040.56101.43 1,180 Indonesia 282 Pekanbaru
95%
1269.74118.74 222 Philippines 432 Puerto Princesa
95%
62-26.57148.79 5 Australia 255 Roma
95%
1255.84118.12 392 Malaysia 226 Sandakan
95%
619.94-84.08 1,840 Costa Rica 871 San José
95%
119-29.68-53.81 249 Brazil 251 Santa Maria
95%
107-2.44-54.71 189 Brazil 489 Santarem
95%
7737.57127 24,400 South Korea 870 Seoul
95%
106-0.88131.26 125 Indonesia 462 Sorong
95%
112-7.25112.75 4,700 Indonesia 573 Surabaya
95%
1642.02-157.49 1 Kiribati 1,895 Tabwakea Village
95%
11025.04121.57 9,050 Taiwan 358 Taipei
95%
71-19.65134.19 3 Australia 449 Tennant Creek
95%
1110.79127.38 101 Indonesia 255 Ternate
95%
111-18.92-48.28 563 Brazil 254 Uberlandia
95%
11215.24104.85 122 Thailand 233 Ubon Ratchathani
95%
16-4.6255.45 22 Seychelles 1,085 Victoria
95%
94-20.32-40.37 1,790 Brazil 373 Vitória
95%
1206.91122.07 457 Philippines 263 Zamboanga
95%
3436.763.05 3,675 Algeria 518 Algiers
94%
153-8.54-172.52 - New Zealand 543 Atafu Village
94%
120-3.32114.59 572 Indonesia 344 Banjarmasin
94%
109-0.97-62.92 7 Brazil 329 Barcelos
94%
7310.96-74.8 2,000 Colombia 344 Barranquilla
94%
10913.1103.2 150 Cambodia 238 Battambang
94%
91-1.18136.08 4 Indonesia 225 Biak
94%
5314.04-83.39 33 Nicaragua 227 Bilwi
94%
14-29.1226.21 463 South Africa 319 Bloemfontein
94%
9313.1-59.62 98 Barbados 339 Bridgetown
94%
827.13-73.13 1,130 Colombia 286 Bucaramanga
94%
4433.6-7.62 4,175 Morocco 831 Casablanca
94%
1054.93-52.33 61 France 330 Cayenne
94%
928.35-62.64 746 Venezuela 522 Ciudad Guayana
94%
108-4.09-63.14 50 Brazil 293 Coari
94%
708.43-82.43 82 Panama 246 David
94%
109-8.65115.22 1,500 Indonesia 313 Denpasar
94%
996.8-58.16 235 Guyana 521 Georgetown
94%
158-15.95-173.8 - Tonga 284 Hihifo
94%
94-11.3-41.86 63 Brazil 257 Irece
94%
87-7.21-39.32 225 Brazil 379 Juazeiro do Norte
94%
1047.34134.47 14 Palau 876 Koror State
94%
1126.13102.24 1,459 Malaysia 225 Kota Bharu
94%
105-10.17123.61 282 Indonesia 722 Kupang
94%
112-8.5119.89 188 Indonesia 374 Labuhanbajo
94%
11813.14123.73 179 Philippines 245 Legaspi
94%
1020.04-51.07 338 Brazil 329 Macapa
94%
294.1773.51 103 Maldives 609 Male
94%
112-5.81-61.3 14 Brazil 268 Manicore
94%
98-0.87134.08 53 Indonesia 314 Manokwari
94%
149-13.28-176.17 1 France 383 Mata-Utu
94%
61-20.73139.5 22 Australia 665 Mount Isa
94%
90-3.36135.5 43 Indonesia 317 Nabire
94%
90-9.4-40.5 194 Brazil 274 Petrolina
94%
91-7.08-41.47 57 Brazil 227 Picos
94%
915.66-67.62 52 Venezuela 246 Puerto Ayacucho
94%
79-8.08-34.92 3,775 Brazil 1,630 Recife
94%
6212.58-81.7 58 Colombia 321 San Andres
94%
142-14.29-178.17 - France 242 Sigave
94%
1095.33132.22 - Palau 274 Sonsorol Village
94%
89-5.1-42.78 1,010 Brazil 329 Teresina
94%
1083131.12 - Palau 373 Tobi Village
94%
91-5.62132.79 39 Indonesia 391 Tual
94%
10517.42102.79 247 Thailand 462 Udon Thani
94%
93-14.87-40.84 253 Brazil 327 Vitória da Conquista
94%
9630.58114.27 8,000 China 567 Wuhan
94%
11424.45118.08 10,000 China 505 Xiamen
94%
8034.28108.89 6,650 China 565 Xi'an
94%
5512.65-8 2,950 Mali 920 Bamako
93%
9-19.8434.84 530 Mozambique 449 Beira
93%
1830.0531.25 16,800 Egypt 2,899 Cairo
93%
8030.67104.07 9,600 China 1,240 Chengdu
93%
9029.56106.59 7,050 China 272 Chongqing
93%
83-12.46130.84 129 Australia 720 Darwin
93%
8914.61-61.07 89 France 229 Fort-de-France
93%
1529.82-95.34 6,200 United States 361 Houston
93%
84-2.53140.72 134 Indonesia 1,046 Jayapura
93%
11322.63120.27 2,800 Taiwan 297 Kaohsiung
93%
5718-76.79 937 Jamaica 475 Kingston
93%
80-6.12141.29 11 Papua New Guinea 261 Kiunga
93%
74-4.35152.26 26 Papua New Guinea 417 Kokopo
93%
9125.07102.68 3,950 China 630 Kunming
93%
7710.73-71.66 2,475 Venezuela 519 Maracaibo
93%
555.7537.62 16,900 Russia 4,177 Moscow
93%
80-5.86144.23 33 Papua New Guinea 319 Mount Hagen
93%
10-10.2740.18 96 Tanzania 301 Mtwara
93%
9512.4498.6 173 Myanmar 251 Myeik
93%
11-15.1239.27 388 Mozambique 462 Nampula
93%
6318.54-72.34 2,850 Haiti 257 Port-au-Prince
93%
3741.15-8.62 1,190 Portugal 273 Porto
93%
8214.93-23.51 113 Cape Verde 650 Praia
93%
11-17.8836.89 188 Mozambique 306 Quelimane
93%
1164.14-21.9 118 Iceland 1,325 Reykjavik
93%
5032.38-64.68 1 United Kingdom 1,083 Saint George's
93%
7618.44-66.13 2,150 United States 398 San Juan
93%
4515.5-88.03 1,110 Honduras 234 San Pedro Sula
93%
6718.47-69.9 3,650 Dominican Republic 938 Santo Domingo
93%
99-0.13-67.09 15 Brazil 285 Sao Gabriel da Cachoeira
93%
1647.57-122.34 4,075 United States 1,092 Seattle
93%
735.32163.01 9 Federated States of Micronesia 647 Tofol
93%
3716.75-93.11 481 Mexico 363 Tuxtla Gutierrez
93%
83-3.55143.63 18 Papua New Guinea 263 Wewak
93%
2916.86-99.89 652 Mexico 237 Acapulco
92%
6511.86-15.6 388 Guinea-Bissau 331 Bissau
92%
8-15.7835.01 584 Malawi 239 Blantyre
92%
8635.1129.01 4,275 South Korea 328 Busan
92%
9928.2112.97 4,450 China 292 Changsha
92%
271176.95 2,450 India 227 Coimbatore
92%
959.52138.12 7 Federated States of Micronesia 467 Colonia
92%
6123.7290.41 17,600 Bangladesh 1,425 Dhaka
92%
798.77167.74 15 Marshall Islands 442 Ebaye
92%
34-0.373.42 11 Maldives 494 Fuvahmulah
92%
1155.87-4.25 1,620 United Kingdom 284 Glasgow
92%
9526.58106.72 2,875 China 331 Guiyang
92%
10924.34124.16 44 Japan 247 Ishigaki
92%
835.92169.64 1 Marshall Islands 231 Jabor
92%
74-2.57150.8 14 Papua New Guinea 255 Kavieng
92%
276.6273.07 9 Maldives 274 Kulhudhuffushi
92%
76-6.72146.98 76 Papua New Guinea 301 Lae
92%
366.443.39 17,100 Nigeria 6,366 Lagos
92%
2245.774.83 1,930 France 342 Lyon
92%
867.09171.38 25 Marshall Islands 661 Majuro
92%
2443.295.38 1,640 France 269 Marseille
92%
1745.479.21 5,150 Italy 643 Milan
92%
8316.89-24.98 70 Cape Verde 267 Mindelo
92%
10826.21127.67 1,190 Japan 626 Naha
92%
10228.68115.88 3,675 China 262 Nanchang
92%
9632.05118.78 6,850 China 239 Nanjing
92%
10422.82108.32 3,200 China 514 Nanning
92%
4425.06-77.34 227 Bahamas 297 Nassau
92%
81-5.78-35.24 1,370 Brazil 256 Natal
92%
10328.37129.48 41 Japan 247 Naze
92%
7218.09-15.98 1,060 Mauritania 405 Nouakchott
92%
5443.07141.34 2,500 Japan 831 Sapporo
92%
4037.41-5.98 1,320 Spain 313 Seville
92%
1059.1499.33 127 Thailand 267 Surat Thani
92%
941.33172.98 40 Kiribati 1,871 Tarawa
92%
3339.49-0.4 1,930 Spain 298 Valencia
92%
6143.11131.87 587 Russia 245 Vladivostok
92%
677.45151.85 13 Federated States of Micronesia 1,016 Weno
92%
9623.36104.25 450 China 242 Wenshan City
92%
10628.02120.65 5,900 China 251 Wenzhou
92%
829.45170.24 - Marshall Islands 284 Wotje
92%
5130.44-9.62 1,090 Morocco 398 Agadir
91%
661.22-149.9 291 United States 2,134 Anchorage
91%
5218.9-3.53 4 Mali 242 Araouane
91%
7020.52-13.05 24 Mauritania 251 Atar
91%
1733.83-84.4 5,500 United States 869 Atlanta
91%
3143.26-2.93 354 Spain 245 Bilbao
91%
2644.85-0.6 1,010 France 437 Bordeaux
91%
3421.17-86.85 542 Mexico 288 Cancun
91%
3718.51-88.3 134 Mexico 276 Chetumal
91%
9418.7998.98 200 Thailand 292 Chiang Mai
91%
579.53-13.68 2,225 Guinea 706 Conakry
91%
6823.68-15.96 75 Morocco 474 Dakhla
91%
7538.92121.63 4,500 China 334 Dalian
91%
6027.16-13.2 196 Morocco 241 El Aaiún
91%
869.77140.52 - Federated States of Micronesia 264 Fais
91%
9627.94109.6 370 China 237 Fenghuang
91%
119-8.52179.19 4 Tuvalu 873 Funafuti
91%
5432.63-16.9 100 Portugal 463 Funchal
91%
4419.29-81.37 29 United Kingdom 313 George Town
91%
5545.75126.65 5,150 China 508 Harbin
91%
73-9.43159.95 56 Solomon Islands 1,402 Honiara
91%
100-19.55169.27 1 Vanuatu 224 Isangel
91%
7936.67117 3,950 China 273 Jinan
91%
9021.99100.73 62 China 248 Jinghong
91%
6716.15-13.5 55 Mauritania 263 Kaedi
91%
80-14.47132.26 5 Australia 259 Katherine
91%
2010.5772.64 10 India 326 Kavaratti
91%
6214.45-11.44 78 Mali 251 Kayes
91%
6316.62-11.4 40 Mauritania 230 Kiffa
91%
76-5.55150.14 18 Papua New Guinea 269 Kimbe
91%
5722.4988.32 16,000 India 253 Kolkata
91%
6228.1-15.41 381 Spain 619 Las Palmas de Gran Canaria
91%
83-10.72165.83 - Solomon Islands 396 Lata
91%
78-2.02147.27 5 Papua New Guinea 390 Lorengau
91%
3420.97-89.62 1,070 Mexico 627 Mérida
91%
5616.62-7.25 60 Mauritania 369 Nema
91%
7120.93-17.03 72 Mauritania 324 Nouadhibou
91%
3117.07-96.72 262 Mexico 241 Oaxaca
91%
3635.71-0.62 1,340 Algeria 350 Oran
91%
759.9210.75 1,140 Norway 419 Oslo
91%
5037.73-25.67 20 Portugal 972 Ponta Delgada
91%
8011.6792.75 112 India 604 Port Blair
91%
75-9.44147.18 283 Papua New Guinea 2,086 Port Moresby
91%
8336.09120.33 5,700 China 436 Qingdao
91%
7415.21145.75 48 United States 2,039 Saipan
91%
3037.74-122.46 7,600 United States 567 San Francisco
91%
5320.02-75.82 555 Cuba 245 Santiago de Cuba
91%
87-2.52-44.27 1,410 Brazil 483 São Luís
91%
6638.29141.02 1,490 Japan 310 Sendai
91%
7437.88112.55 4,200 China 360 Taiyuan
91%
6113.77-13.67 78 Senegal 267 Tambacounda
91%
5022.67-3.98 3 Mali 420 Taoudenni
91%
5316.77-3.01 32 Mali 282 Timbuktu
91%
5127.67-8.15 45 Algeria 237 Tindouf
91%
8932.02112.13 1,560 China 258 Xiangyang
91%
8934.28117.18 2,550 China 266 Xuzhou
91%
8816.7896.17 5,150 Myanmar 575 Yangon
91%
8434.75113.67 4,675 China 441 Zhengzhou
91%
6822.72-12.45 38 Mauritania 374 Zouerat
91%
83-0.53166.91 2 Nauru 700 Arijejen
90%
2037.9823.73 3,425 Greece 570 Athens
90%
6540.65109.82 2,150 China 387 Baotou
90%
4031.62-2.22 143 Algeria 341 Bechar
90%
752.5213.4 4,500 Germany 450 Berlin
90%
4721.38-77.92 347 Cuba 264 Camaguey
90%
6143.87125.34 3,700 China 233 Changchun
90%
3813.0980.28 10,000 India 295 Chennai
90%
6641.8129.78 327 North Korea 225 Chongjin
90%
85-3.75-38.58 3,575 Brazil 627 Fortaleza
90%
4916.27-0.04 87 Mali 383 Gao
90%
4723.52-75.79 7 Bahamas 232 George Town
90%
3243.54-5.66 277 Spain 222 Gijon
90%
3727.192.46 49 Algeria 317 In Salah
90%
1441.129.01 14,300 Turkey 1,243 Istanbul
90%
5510.39-9.31 114 Guinea 288 Kankan
90%
4518.441.41 11 Mali 285 Kidal
90%
6936.06103.79 2,850 China 505 Lanzhou
90%
8326.87100.22 1,137 China 316 Lijiang
90%
5114.48-4.18 108 Mali 366 Mopti
90%
5844.58129.6 665 China 256 Mudanjiang
90%
2447.22-1.55 277 France 273 Nantes
90%
8419.7596.13 925 Myanmar 246 Naypyidaw
90%
96-17.73168.32 35 Vanuatu 539 Port Vila
90%
4122.4-79.97 250 Cuba 240 Santa Clara
90%
6641.8123.45 7,650 China 560 Shenyang
90%
2422.28-97.87 309 Mexico 255 Tampico
90%
2735.48.12 634 Algeria 231 Tebessa
90%
4029.260.23 49 Algeria 351 Timimoun
90%
6838.47106.27 1,530 China 346 Yinchuan
90%
3141.66-0.88 674 Spain 244 Zaragoza
90%
4550.28127.54 221 Russia 234 Blagoveshchensk
89%
2539.239.12 149 Italy 283 Cagliari
89%
4151.13133.01 14 Russia 259 Chegdomyn
89%
4947.35130.3 743 China 331 Hegang
89%
4648.48135.08 579 Russia 359 Khabarovsk
89%
25-4.3315.31 10,600 Democratic Republic of the Congo 1,781 Kinshasa
89%
75-10.45161.92 1 Solomon Islands 229 Kirakira
89%
4150.55137.01 275 Russia 268 Komsomolsk-on-Amur
89%
8121.9796.09 1,400 Myanmar 443 Mandalay
89%
919.0272.86 23,200 India 887 Mumbai
89%
1930-90.04 1,010 United States 512 New Orleans
89%
79-12.19136.78 3 Australia 550 Nhulunbuy
89%
3147.56-52.71 99 Canada 591 Saint John's
89%
4248.97140.29 29 Russia 251 Sovetskaya Gavan'
89%
2927.95-82.46 4,025 United States 326 Tampa
89%
6143.97116.03 120 China 303 Xilin Hot
89%
4446.95142.74 176 Russia 354 Yuzhno-Sakhalinsk
89%
74-6.21155.54 40 Papua New Guinea 603 Arawa
88%
4846.68113.28 15 Mongolia 316 Baruun-Urt
88%
1041.83-87.75 9,800 United States 1,158 Chicago
88%
1132.82-96.84 6,550 United States 1,282 Dallas
88%
76-9.08143.21 15 Papua New Guinea 324 Daru
88%
43-37.07-12.31 - United Kingdom 2,429 Edinburgh of the Seven Seas
88%
75-8.1156.84 6 Solomon Islands 253 Gizo
88%
2844.65-63.57 359 Canada 641 Halifax
88%
1632.3-90.18 173 United States 224 Jackson
88%
4727.7285.32 2,775 Nepal 446 Kathmandu
88%
91-15.52167.16 13 Vanuatu 274 Luganville
88%
8025.3997.39 90 Myanmar 273 Myitkyina
88%
3253.15140.72 27 Russia 385 Nikolayevsk-on-Amur
88%
5444.88110.12 19 Mongolia 417 Saynshand
88%
1151.537.04 5,600 Germany 447 The Ruhr
88%
2436.810.18 2,500 Tunisia 570 Tunis
88%
69-12.62141.88 2 Australia 418 Weipa
88%
2442.33-71.07 7,350 United States 299 Boston
87%
2135.2-80.83 2,275 United States 361 Charlotte
87%
4349.2119.7 211 China 366 Hailar
87%
4150.42124.12 135 China 244 Jagdaqi
87%
24-8.8413.23 6,800 Angola 549 Luanda
87%
516.31-10.8 1,340 Liberia 359 Monrovia
87%
4912.37-1.52 2,100 Burkina Faso 628 Ouagadougou
87%
659.3518.1 2,075 Sweden 691 Stockholm
87%
1543.7-79.42 7,100 Canada 541 Toronto
87%
4447.92106.92 1,300 Mongolia 839 Ulaanbaatar
87%
465.32-4.04 5,050 Côte d'Ivoire 832 Abidjan
86%
385.55-0.22 4,575 Ghana 411 Accra
86%
4911.18-4.3 360 Burkina Faso 328 Bobo-Dioulasso
86%
65-16.92145.77 153 Australia 281 Cairns
86%
6-17.8231.04 2,325 Zimbabwe 975 Harare
86%
660.1824.93 1,230 Finland 300 Helsinki
86%
6129.6591.1 118 China 353 Lhasa
86%
2045.5-73.58 4,100 Canada 405 Montréal
86%
12-1.2836.82 5,200 Kenya 667 Nairobi
86%
2140.8414.25 4,250 Italy 657 Naples
86%
4313.522.12 1,120 Niger 414 Niamey
86%
1845.52-122.68 2,275 United States 229 Portland
86%
1960.72-46.03 3 Denmark 484 Qaqortoq
86%
2740.59-122.39 89 United States 224 Redding
86%
2946.78-56.18 6 France 238 Saint-Pierre
86%
1062.01-6.77 13 Denmark 366 Torshavn
86%
2532.8913.18 1,110 Libya 513 Tripoli
86%
4017.7383.3 1,980 India 433 Vishakhapatnam
86%
339.087.53 2,825 Nigeria 340 Abuja
85%
1539.9332.86 4,675 Turkey 351 Ankara
85%
2512.9777.56 10,500 India 837 Bangalore
85%
1247.519.08 2,575 Hungary 690 Budapest
85%
3154.72135.32 1 Russia 267 Chumikan
85%
755.6812.56 1,610 Denmark 289 Copenhagen
85%
2648.95-57.95 18 Canada 341 Corner Brook
85%
1853.89-166.54 4 United States 820 Dutch Harbor
85%
6426.1691.77 1,060 India 302 Guwahati
85%
2253.32-60.33 7 Canada 442 Happy Valley-Goose Bay
85%
5239.8198.29 122 China 367 Jiayuguan
85%
658.3-134.42 31 United States 872 Juneau
85%
950.4330.52 3,375 Ukraine 758 Kiev
85%
62-21.15149.17 74 Australia 323 Mackay
85%
4645.76106.27 15 Mongolia 222 Mandalgovi
85%
1561.99-49.67 1 Denmark 240 Paamiut
85%
7031.1397.18 86 China 440 Qamdo
85%
63-23.38150.51 61 Australia 249 Rockhampton
85%
2251.23-58.65 3 Canada 245 Saint-Augustin
85%
2746.14-60.18 105 Canada 312 Sydney
85%
2736.85-75.98 1,610 United States 244 Virginia Beach
85%
1633.52-86.8 212 United States 225 Birmingham
84%
507.69-5.03 567 Côte d'Ivoire 275 Bouake
84%
2926.488.47 6 Algeria 240 Illizi
84%
1150.0814.47 1,470 Czech Republic 251 Prague
84%
1755.34-160.5 - United States 364 Sand Point
84%
5326.7188.43 515 India 259 Shiliguri
84%
2230.44-84.28 181 United States 234 Tallahassee
84%
3422.795.52 73 Algeria 689 Tamanrasset
84%
63-19.27146.81 196 Australia 1,087 Townsville
84%
3116.5280.63 1,760 India 248 Vijayawada
84%
852.2521 2,275 Poland 260 Warsaw
84%
2038.9-77.01 8,350 United States 330 Washington
84%
1545.8115.98 800 Croatia 266 Zagreb
84%
3553.74127.26 26 Russia 227 Zeya
84%
3316.977.99 124 Niger 366 Agadez
83%
1644.8220.47 1,400 Serbia 316 Belgrade
83%
2532.1120.07 650 Libya 652 Benghazi
83%
1444.4326.1 2,200 Romania 439 Bucharest
83%
62-24.87152.35 70 Australia 294 Bundaberg
83%
9-6.839.27 5,300 Tanzania 2,453 Dar es Salaam
83%
77-3.84-32.41 3 Brazil 370 Fernando de Noronha (Distrito Estadual)
83%
1435.96-83.92 178 United States 230 Knoxville
83%
2338.1313.34 648 Italy 310 Palermo
83%
1642.6823.32 1,330 Bulgaria 297 Sofia
83%
449.4-0.84 360 Ghana 312 Tamale
83%
835.6751.42 13,700 Iran 1,913 Tehran
83%
2843.8187.58 3,625 China 1,692 Ürümqi
83%
2821.8417.43 1 Chad 446 Aozou
82%
1941.1116.86 277 Italy 221 Bari
82%
3118.6912.92 2 Niger 491 Bilma
82%
2717.9319.1 13 Chad 276 Faya-Largeau
82%
8-24.6525.91 208 Botswana 245 Gaborone
82%
2530.139.5 7 Libya 238 Ghadamis
82%
2924.9610.17 24 Libya 317 Ghat
82%
4844.67102.17 27 Mongolia 506 Hovd
82%
3352.3104.3 586 Russia 522 Irkutsk
82%
160.3232.58 3,025 Uganda 503 Kampala
82%
33128.52 4,125 Nigeria 833 Kano
82%
320.399.45 578 Gabon 405 Libreville
82%
3226.8680.91 3,325 India 415 Lucknow
82%
2927.0414.43 130 Libya 595 Sabha
82%
3613.065.24 563 Nigeria 342 Sokoto
82%
2232.0823.98 121 Libya 368 Tobruk
82%
2729.1616.14 27 Libya 231 Waddan
82%
965.68-18.09 17 Iceland 249 Akureyri
81%
71-10.32150.46 10 Papua New Guinea 298 Alotau
81%
2756.46138.18 1 Russia 265 Ayan
81%
244.3718.56 1,060 Central African Republic 783 Bangui
81%
3321.2281.43 2,550 India 243 Bhilai
81%
4420.2785.83 1,730 India 357 Bhubaneswar
81%
334.069.71 2,825 Cameroon 605 Douala
81%
853.5510 2,750 Germany 255 Hamburg
81%
4142.8393.51 137 China 354 Hami
81%
1738.4427.15 2,950 Turkey 303 Izmir
81%
2823.1879.96 1,390 India 239 Jabalpur
81%
4822.7986.2 1,540 India 221 Jamshedpur
81%
960.15-1.15 22 United Kingdom 339 Lerwick
81%
753.927.57 1,960 Belarus 435 Minsk
81%
3649.63100.16 27 Mongolia 292 Mörön
81%
2521.1779.09 3,025 India 422 Nagpur
81%
2912.1115.05 1,210 Chad 710 N'Djamena
81%
4425.6285.13 2,475 India 232 Patna
81%
364.817.01 2,075 Nigeria 310 Port Harcourt
81%
559.9430.32 5,450 Russia 635 Saint Petersburg
81%
3752.03113.5 308 Russia 405 Chita
80%
839.74-104.98 3,525 United States 934 Denver
80%
409.711.67 237 Benin 277 Djougou
80%
3849.03104.08 79 Mongolia 241 Erdenet
80%
2135.3325.14 137 Greece 320 Heraklion
80%
1626.9275.81 3,525 India 239 Jaipur
80%
194.8531.58 300 South Sudan 513 Juba
80%
3653.73119.77 12 Russia 289 Mogocha
80%
34-1.45.63 4 Equatorial Guinea 227 Pale
80%
1733.54-112.07 4,325 United States 568 Phoenix
80%
2046.81-71.21 528 Canada 233 Quebec
80%
350.346.73 53 São Tomé and Príncipe 256 Sao Tome
80%
3551.83107.61 360 Russia 232 Ulan-Ude
80%
3847.7496.84 16 Mongolia 272 Uliastay
80%
9-28.4521.26 71 South Africa 344 Upington
80%
10-22.5617.08 268 Namibia 1,141 Windhoek
80%
2062.03129.73 235 Russia 1,353 Yakutsk
80%
2453.7291.43 167 Russia 271 Abakan
79%
2658.61125.4 24 Russia 221 Aldan
79%
2224.223.29 46 Libya 746 Al Jawf
79%
2647.8588.13 139 China 426 Altay
79%
25-3.3217.38 118 Democratic Republic of the Congo 248 Bandundu
79%
294.2615.79 61 Central African Republic 236 Berberati
79%
294.5813.68 218 Cameroon 253 Bertoua
79%
2110.2822.79 10 Central African Republic 286 Birao
79%
2857.85114.19 15 Russia 322 Bodaybo
79%
22-0.2820.88 32 Democratic Republic of the Congo 278 Boende
79%
5-20.1528.58 699 Zimbabwe 365 Bulawayo
79%
212.1922.47 95 Democratic Republic of the Congo 322 Bumba
79%
29-1.6313.58 42 Gabon 286 Franceville
79%
3212.8711.05 125 Nigeria 246 Gashua
79%
2117.478.48 9,000 India 500 Hyderabad
79%
1722.7275.87 2,775 India 338 Indore
79%
236.9919.19 56 Central African Republic 253 Kaga Bandoro
79%
25-6.4816.82 20 Democratic Republic of the Congo 230 Kasongo-Lunda
79%
2848.0191.64 30 Mongolia 262 Khovd
79%
16-1.9530.06 1,000 Rwanda 376 Kigali
79%
24-5.0418.82 186 Democratic Republic of the Congo 267 Kikwit
79%
200.5225.19 539 Democratic Republic of the Congo 606 Kisangani
79%
2256.0192.87 1,090 Russia 634 Krasnoyarsk
79%
2851.7194.45 108 Russia 302 Kyzyl
79%
1131.5674.35 10,200 Pakistan 423 Lahore
79%
2814.1215.31 18 Chad 223 Mao
79%
250.0518.26 184 Democratic Republic of the Congo 477 Mbandaka
79%
2031.3527.24 62 Egypt 258 Mersa Matruh
79%
30-1.8711.06 22 Gabon 242 Mouila
79%
308.5716.08 135 Chad 296 Moundou
79%
3156.67124.64 66 Russia 664 Neryungri
79%
2460.37120.42 8 Russia 303 Olyokminsk
79%
25-4.7811.86 659 Republic of the Congo 383 Pointe-Noire
79%
656.9524.11 742 Latvia 362 Riga
79%
259.1418.39 102 Chad 261 Sagh
79%
484.75-6.64 196 Côte d'Ivoire 236 San-Pedro
79%
2841.7686.15 179 China 255 Sayibage
79%
2955.64109.32 25 Russia 255 Severobaikalsk
79%
2129.225.52 7 Egypt 286 Siwa Oasis
79%
2756.79105.77 48 Russia 230 Ust'-Kut
79%
217.728 127 South Sudan 451 Wau
79%
760.395.32 213 Norway 305 Bergen
78%
2456.13101.61 256 Russia 461 Bratsk
78%
202.7924.73 50 Democratic Republic of the Congo 256 Buta
78%
1730.7276.78 2,025 India 231 Chandigarh
78%
1242.33-83.08 5,700 United States 334 Detroit
78%
2320.67-103.33 4,975 Mexico 459 Guadalajara
78%
1050.2619.02 2,375 Poland 307 Katowice
78%
2158.2492.48 65 Russia 229 Lesosibirsk
78%
6-15.4228.28 2,275 Zambia 396 Lusaka
78%
2062.54113.96 40 Russia 787 Mirny
78%
2253.7687.11 539 Russia 226 Novokuznetsk
78%
1963.28118.33 9 Russia 237 Nyurba
78%
2160.35102.28 3 Russia 254 Vanavara
78%
2261.28108.02 2 Russia 302 Yerbogachen
78%
1943.3276.92 1,770 Kazakhstan 666 Almaty
77%
1861.6896.38 3 Russia 231 Baykit
77%
1159.04-158.46 2 United States 268 Dillingham
77%
2317.1821.59 23 Chad 379 Fada
77%
202.7727.62 127 Democratic Republic of the Congo 345 Isiro
77%
1952.95-66.91 10 Canada 307 Labrador City
77%
19-3.5223.6 68 Democratic Republic of the Congo 265 Lodja
77%
18-6.1523.6 1,860 Democratic Republic of the Congo 745 Mbuji-Mayi
77%
464.5-165.41 3 United States 453 Nome
77%
1855.0382.96 1,650 Russia 1,291 Novosibirsk
77%
1146.4930.71 1,110 Ukraine 391 Odessa
77%
20-9.6620.39 40 Angola 361 Saurimo
77%
1165.61-37.64 1 Denmark 662 Tasiilaq
77%
860.79-161.76 6 United States 573 Bethel
76%
180.1429.29 154 Democratic Republic of the Congo 246 Butembo
76%
1346.7723.6 316 Romania 307 Cluj-Napoca
76%
172.7732.3 146 Uganda 243 Gulu
76%
661.53-166.1 1 United States 247 Hooper Bay
76%
16-12.7815.74 226 Angola 395 Huambo
76%
15-8.7424.99 73 Democratic Republic of the Congo 224 Kamina
76%
1139.11-94.6 1,920 United States 382 Kansas City
76%
17-2.9425.92 135 Democratic Republic of the Congo 328 Kindu
76%
957.79-152.41 6 United States 299 Kodiak
76%
1437.8832.48 1,210 Turkey 230 Konya
76%
2036.21-115.22 2,075 United States 365 Las Vegas
76%
18-12.3613.54 207 Angola 243 Lobito
76%
15-10.7122.22 18 Angola 231 Luau
76%
16-14.9213.49 102 Angola 259 Lubango
76%
17-11.7819.92 21 Angola 240 Luena
76%
13-14.6617.69 32 Angola 264 Menongue
76%
663.4310.4 147 Norway 392 Trondheim
76%
952.4330.98 480 Belarus 222 Gomel
75%
25-15.94-5.72 - United Kingdom 1,917 Jamestown
75%
949.8424.02 717 Ukraine 294 Lviv
75%
744.98-93.25 3,050 United States 566 Minneapolis
75%
13-2.5232.9 436 Tanzania 315 Mwanza
75%
964.18-51.72 14 Denmark 1,437 Nuuk
75%
1035.47-97.52 1,090 United States 300 Oklahoma City
75%
1329.49-98.51 2,050 United States 308 San Antonio
75%
1144.5933.52 379 Ukraine 289 Sevastopol
75%
12-5.0232.83 145 Tanzania 276 Tabora
75%
854.52-128.6 19 Canada 387 Terrace
75%
723.0372.58 7,450 India 445 Ahmedabad
74%
762.476.15 44 Norway 235 Alesund
74%
10-6.1735.74 180 Tanzania 224 Dodoma
74%
654.3518.65 461 Poland 244 Gdansk
74%
757.7111.97 504 Sweden 228 Gothenburg
74%
11-4.0439.69 1,120 Kenya 308 Mombasa
74%
1238.64-90.24 2,350 United States 413 Saint Louis
74%
349.88-97.15 632 Canada 619 Winnipeg
74%
1546.8575 81 Kazakhstan 305 Balkhash
73%
44-7.93-14.42 - United Kingdom 1,296 Georgetown
73%
2337.1179.94 114 China 395 Hotan
73%
1349.8373.17 451 Kazakhstan 574 Karagandy
73%
1133.58-101.86 229 United States 433 Lubbock
73%
1259.56150.8 95 Russia 872 Magadan
73%
1336.17-86.78 1,360 United States 338 Nashville
73%
1959.36143.21 5 Russia 430 Okhotsk
73%
11-17.7815.68 33 Namibia 394 Oshakati
73%
663.8320.26 74 Sweden 272 Umea
73%
2141.1180.27 340 China 364 Yingbazha
73%
129.0338.7 3,475 Ethiopia 987 Addis Ababa
72%
1947.9680.43 33 Kazakhstan 274 Ayagoz
72%
10-19.5718.12 24 Namibia 250 Grootfontein
72%
1115.3675.13 1,050 India 372 Hubli
72%
1839.4575.98 274 China 343 Kashi
72%
1715.5932.53 5,550 Sudan 1,606 Khartoum
72%
1934.1777.58 37 India 229 Leh
72%
6-13.9833.78 1,070 Malawi 515 Lilongwe
72%
1235.12-90 1,150 United States 314 Memphis
72%
1725.67-100.33 4,650 Mexico 633 Monterrey
72%
1438.1773.97 10 Tajikistan 225 Murghob
72%
1041.26-95.94 408 United States 264 Omaha
72%
1317.6775.9 1,030 India 236 Sholapur
72%
2049.9782.61 319 Kazakhstan 385 Ust-Kamenogorsk
72%
10-22.9614.51 52 Namibia 268 Walvis Bay
72%
12-3.3736.68 341 Tanzania 230 Arusha
71%
11-0.4539.65 67 Kenya 293 Garissa
71%
11-0.3642.55 234 Somalia 408 Kismayo
71%
1555.4578.32 48 Russia 296 Kuybyshev
71%
8-11.6827.48 1,870 Democratic Republic of the Congo 422 Lubumbashi
71%
113.5239.05 34 Kenya 225 Moyale
71%
1552.2777 329 Kazakhstan 382 Pavlodar
71%
364.42-173.23 2 Russia 376 Provideniya
71%
1033.673.04 3,850 Pakistan 242 Rawalpindi
71%
8-17.9319.77 58 Namibia 583 Rundu
71%
1337.22-93.3 159 United States 230 Springfield
71%
1664.28100.22 5 Russia 559 Tura
71%
111.7540.06 45 Kenya 247 Wajir
71%
1132.45-99.73 117 United States 228 Abilene
70%
1339.16-84.46 2,725 United States 347 Cincinnati
70%
319.313.4 436 Cameroon 282 Garoua
70%
926.2973.02 1,320 India 286 Jodhpur
70%
8-10.2131.18 91 Zambia 288 Kasama
70%
1458.3182.91 27 Russia 224 Kolpashevo
70%
2224.14-110.31 171 Mexico 225 La Paz
70%
9-26.6515.16 15 Namibia 296 Luderitz
70%
8-8.933.45 291 Tanzania 561 Mbeya
70%
6-18.3721.84 5 Botswana 224 Shakawe
70%
1532.53-93.75 199 United States 274 Shreveport
70%
10-7.9731.62 89 Tanzania 226 Sumbawanga
70%
424.8766.99 24,300 Pakistan 1,101 Karachi
69%
7-11.4734.02 175 Malawi 277 Mzuzu
69%
9-29.6617.89 10 South Africa 229 Springbok
69%
84837.83 1,470 Ukraine 250 Donetsk
68%
6-2421.78 4 Botswana 237 Hukuntsi
68%
7-26.5818.13 15 Namibia 371 Keetmanshoop
68%
5-17.8425.85 109 Zambia 373 Livingstone
68%
6-15.2523.13 52 Zambia 408 Mongu
68%
824.6446.77 6,700 Saudi Arabia 991 Riyadh
68%
1140.78-111.93 2,300 United States 601 Salt Lake City
68%
1348.1-77.78 31 Canada 235 Val-d'Or
68%
446.81-100.78 61 United States 304 Bismarck
67%
1543.61-116.2 145 United States 459 Boise
67%
446.88-96.79 105 United States 335 Fargo
67%
4-21.5721.78 9 Botswana 244 Ghanzi
67%
85036.25 1,650 Ukraine 411 Kharkiv
67%
4-19.9823.42 49 Botswana 349 Maun
67%
102.0745.37 1,720 Somalia 1,021 Mogadishu
67%
743.55-96.7 153 United States 262 Sioux Falls
67%
748.38-89.25 99 Canada 439 Thunder Bay
67%
569.6518.96 52 Norway 561 Tromso
67%
2311.0320.28 28 Chad 294 Am Timan
66%
833.3444.39 6,850 Iraq 695 Baghdad
66%
853.2534.37 427 Russia 238 Bryansk
66%
725.2355.28 3,925 United Arab Emirates 855 Dubai
66%
1146.49-80.99 157 Canada 254 Greater Sudbury
66%
746.54-87.4 21 United States 230 Marquette
66%
846.52-84.33 74 Canada 256 Sault Ste. Marie
66%
1048.47-81.33 42 Canada 221 Timmins
66%
549.78-92.75 8 Canada 251 Dryden
65%
2011.4626.13 264 Sudan 484 El Daein
65%
2011.0229.72 87 Sudan 232 Kadugli
65%
670.92-8.72 - Norway 647 Olonkinbyen
65%
565.0125.47 128 Finland 400 Oulu
65%
567.2814.41 34 Norway 323 Bodo
64%
1913.6325.35 252 Sudan 254 El Fasher
64%
1913.1830.22 393 Sudan 361 El Obeid
64%
1913.4522.45 162 Sudan 314 Geneina
64%
1041.2936.33 394 Turkey 292 Samsun
64%
1822.3531.62 5 Egypt 233 Abu Sunbul
63%
1924.81-107.4 582 Mexico 409 Culiacan
63%
1421.5239.22 4,225 Saudi Arabia 847 Jeddah
63%
562.8927.68 89 Finland 237 Kuopio
63%
1818.5531.85 19 Sudan 232 Kuraymah
63%
561.7834.35 265 Russia 291 Petrozavodsk
63%
1725.57-103.42 1,300 Mexico 310 Torreón
63%
734.5269.18 3,725 Afghanistan 370 Kabul
62%
1015.3544.21 2,475 Yemen 861 Sana'a
62%
153.55-113.5 1,270 Canada 277 Edmonton
61%
1041.3169.29 2,650 Uzbekistan 754 Tashkent
61%
1233.536.3 3,475 Syria 612 Damascus
60%
1247.66-117.43 208 United States 368 Spokane
60%
1335.08-106.65 545 United States 366 Albuquerque
59%
451.08-114.08 1,420 Canada 675 Calgary
59%
1628.64-106.09 809 Mexico 340 Chihuahua
59%
466.94-53.67 5 Denmark 320 Sisimiut
59%
1515.3438.93 563 Eritrea 436 Asmara
58%
178.2534.58 42 Ethiopia 256 Gambela
58%
1929.1-110.98 595 Mexico 479 Hermosillo
58%
1725.732.64 422 Egypt 473 Luxor
58%
189.5331.66 160 South Sudan 386 Malakal
58%
1224.539.58 1,340 Saudi Arabia 332 Medina
58%
840.449.86 2,450 Azerbaijan 541 Baku
57%
1154.9973.4 1,180 Russia 611 Omsk
57%
1619.6237.22 489 Sudan 296 Port Sudan
57%
1611.7934.36 186 Sudan 238 Ad-Damazin
56%
1717.733.99 107 Sudan 278 Atbara
56%
1615.4536.4 401 Sudan 272 Kassala
56%
1713.1632.66 345 Sudan 264 Kosti
56%
1428.436.57 455 Saudi Arabia 395 Tabuk
56%
1411.5937.39 168 Ethiopia 309 Bahir Dar
54%
456.8560.6 1,600 Russia 1,018 Yekaterinburg
54%
1431.69-106.49 1,440 Mexico 562 Ciudad Juárez
53%
1111.1339.63 136 Ethiopia 250 Dese
53%
364.84-147.72 31 United States 418 Fairbanks
53%
723.6158.59 1,180 Oman 380 Muscat
53%
1133.39-104.52 48 United States 242 Roswell
53%
454.7956.04 1,120 Russia 348 Ufa
53%
1039.06-108.55 58 United States 296 Grand Junction
52%
1043.47-112.03 56 United States 249 Idaho Falls
52%
1053.04158.65 187 Russia 1,512 Petropavlovsk-Kamchatsky
51%
829.3747.98 4,150 Kuwait 537 Kuwait City
50%
1364.57143.24 9 Russia 682 Ust-Nera
50%
940.1844.51 1,480 Armenia 279 Yerevan
50%
756.32160.85 10 Russia 382 Klyuchi
49%
762.52155.79 4 Russia 359 Omsukchan
49%
659.08159.96 3 Russia 312 Palana
49%
35856.25 1,100 Russia 290 Perm
49%
1162.78148.15 7 Russia 314 Susuman
49%
965.73150.89 3 Russia 355 Zyryanka
49%
568.05166.44 5 Russia 616 Bilibino
48%
1011.5943.15 623 Djibouti 432 Djibouti
48%
653.92-122.75 65 Canada 397 Prince George
48%
667.46153.7 3 Russia 228 Srednekolymsk
48%
969.3588.2 140 Russia 1,082 Noril'sk
47%
1054.8769.14 200 Kazakhstan 251 Petropavlov
47%
950.2566.92 42 Kazakhstan 281 Arkalyk
46%
838.5468.78 679 Tajikistan 305 Dushanbe
46%
653.2163.62 210 Kazakhstan 258 Kostanay
46%
844.8565.51 300 Kazakhstan 435 Kyzylorda
46%
453.4259.05 413 Russia 247 Magnitogorsk
46%
368.9833.09 319 Russia 593 Murmansk
46%
1148.0170.79 13 Kazakhstan 227 Qarazhal
46%
749.6363.5 5 Kazakhstan 230 Torghay
46%
460.72-135.05 23 Canada 271 Whitehorse
46%
1047.7867.77 104 Kazakhstan 369 Zhezqazghan
46%
1565.93111.48 15 Russia 397 Aykhal
45%
773.5180.53 1 Russia 499 Dikson
45%
971.98102.47 3 Russia 586 Khatanga
45%
1468.5112.45 2 Russia 231 Olenyok
45%
1071.96114.09 1 Russia 390 Saskylakh
45%
971.69128.86 5 Russia 875 Tiksi
45%
1036.2337.17 2,125 Syria 313 Aleppo
44%
1267.66134.64 4 Russia 502 Batagay
44%
670.62147.9 2 Russia 336 Chokurdakh
44%
832.751.7 2,750 Iran 330 Isfahan
44%
866.0876.63 94 Russia 327 Novyy Urengoy
44%
963.1975.44 110 Russia 240 Noyabrsk
44%
961.2573.42 300 Russia 640 Surgut
44%
548.7144.5 1,410 Russia 500 Volgograd
44%
1466.77123.37 3 Russia 321 Zhigansk
44%
768.54146.19 2 Russia 241 Belaya Gora
43%
869.31139.98 3 Russia 285 Deputatsky
43%
936.3543.15 1,470 Iraq 340 Mosul
43%
645.78-108.5 104 United States 593 Billings
42%
468.75161.33 3 Russia 223 Cherskiy
42%
829.6352.57 1,710 Iran 350 Shiraz
42%
657.1565.53 519 Russia 300 Tyumen
42%
104.7445.2 55 Somalia 248 Beledweyne
41%
563.75-68.51 6 Canada 821 Iqaluit
41%
845.0438.98 649 Russia 249 Krasnodar
41%
562.1465.39 52 Russia 229 Nyagan
41%
560.1364.79 39 Russia 226 Uray
41%
467.564.05 80 Russia 574 Vorkuta
41%
826.4350.1 2,375 Saudi Arabia 387 Dammam
40%
369.22-51.1 4 Denmark 275 Ilulissat
40%
536.2759.57 3,075 Iran 737 Mashhad
40%
746.87-113.99 66 United States 261 Missoula
40%
367.6453 18 Russia 270 Nar'yan-Mar
40%
365.1557.22 46 Russia 245 Pechora
40%
353.250.15 1,320 Russia 527 Samara
40%
838.0946.3 1,620 Iran 400 Tabriz
40%
363.5753.68 102 Russia 257 Ukhta
40%
365.4452.15 5 Russia 221 Ust-Tsilma
40%
816.2152.18 10 Yemen 223 Al Ghayzah
39%
914.5449.12 258 Yemen 483 Al Mukalla
39%
930.9841.04 148 Saudi Arabia 332 'Ar'ar
39%
820.4645.58 24 Saudi Arabia 314 As Sulayyil
39%
911.2849.18 74 Somalia 360 Bosaso
39%
742.87-106.31 55 United States 228 Casper
39%
1035.3440.14 242 Syria 236 Deir ez-Zor
39%
937.9240.22 644 Turkey 267 Diyarbakir
39%
939.9141.28 420 Turkey 239 Erzurum
39%
106.7747.43 61 Somalia 369 Gaalkacyo
39%
109.5644.07 477 Somalia 245 Hargeisa
39%
927.5241.69 267 Saudi Arabia 262 Hayil
39%
355.7549.13 1,220 Russia 292 Kazan
39%
1118.342.73 387 Saudi Arabia 361 Khamis Mushait
39%
742.9847.5 497 Russia 262 Makhachkala
39%
644.08-103.23 67 United States 417 Rapid City
39%
717.0254.09 163 Oman 598 Salalah
39%
845.0441.97 363 Russia 236 Stavropol'
39%
543.6551.17 147 Kazakhstan 306 Aktau
38%
364.73177.51 10 Russia 1,492 Anadyr
38%
539.5154.37 87 Turkmenistan 260 Balkanabat
38%
727.1956.28 352 Iran 222 Bandar 'Abbas
38%
632.8759.22 196 Iran 321 Birjand
38%
826.3343.97 391 Saudi Arabia 330 Buraydah
38%
712.6554.02 8 Yemen 333 Hadibu
38%
719.9656.28 1 Oman 297 Hayma'
38%
627.260.68 131 Iran 254 Iranshahr
38%
834.3847.06 766 Iran 271 Kahriz
38%
730.2857.08 577 Iran 441 Kerman
38%
466.15-65.71 1 Canada 297 Pangnirtung
38%
369.7170.3 4 Russia 240 Pevek
38%
733.656.92 49 Iran 228 Tabas
38%
62663.04 75 Pakistan 269 Turbat
38%
731.954.37 477 Iran 266 Yazd
38%
629.560.86 551 Iran 375 Zahedan
38%
546.3548.04 502 Russia 374 Astrakhan'
37%
93.8547.18 26 Somalia 220 Ceeldheer
37%
99.5941.87 252 Ethiopia 241 Dire Dawa
37%
534.3562.2 272 Afghanistan 320 Herat
37%
451.5846.03 1,090 Russia 333 Saratov
37%
371.29-156.79 4 United States 807 Barrow
36%
447.1251.88 180 Kazakhstan 305 Atyrau
35%
436.7167.11 303 Afghanistan 250 Mazar-e Sharif
35%
351.7755.1 550 Russia 335 Orenburg
35%
330.2267.02 1,180 Pakistan 426 Quetta
35%
162.46-114.35 15 Canada 659 Yellowknife
35%
350.2857.21 262 Kazakhstan 222 Aqtobe
34%
428.5865.42 30 Pakistan 235 Kharan
34%
337.5961.83 114 Turkmenistan 224 Mary
34%
342.4559.61 230 Uzbekistan 502 Nukus
34%
351.2351.37 200 Kazakhstan 233 Oral
34%
327.7168.86 417 Pakistan 260 Sukkur
34%
451.7339.27 1,040 Russia 286 Voronezh
33%
256.3344 1,760 Russia 402 Nizhny Novgorod
32%
264.5440.54 356 Russia 729 Arkhangel'sk
30%
256.8553.2 631 Russia 223 Izhevsk
30%
261.6850.81 230 Russia 349 Syktyvkar
30%
266.32-179.12 2 Russia 235 Egvekinot
29%
150.45-104.62 176 Canada 232 Regina
29%
152.12-106.63 198 Canada 487 Saskatoon
28%
264.06-139.43 1 Canada 284 Dawson City
27%
360.06-128.71 1 Canada 357 Watson Lake
27%
270.47-68.59 1 Canada 496 Clyde River
25%
268.35-133.72 3 Canada 709 Inuvik
25%
262.82-92.08 2 Canada 853 Rankin Inlet
25%
268.63-95.88 1 Canada 670 Gjoa Haven
24%
267.83-115.1 1 Canada 599 Kugluktuk
24%
178.2215.65 2 Norway 860 Longyearbyen
24%
270.22-150.98 3 United States 244 Nuiqsut
24%
257.6339.87 606 Russia 250 Yaroslavl
24%
156.73-111.38 76 Canada 377 Fort McMurray
22%
261.2646.65 59 Russia 226 Kotlas
22%
258.3745.52 29 Russia 225 Shar'ya
22%
158.81-122.7 4 Canada 305 Fort Nelson
21%
153.83-101.25 6 Canada 301 The Pas
21%
155.74-97.86 12 Canada 585 Thompson
21%
160-111.89 2 Canada 234 Fort Smith
20%
155.17-118.8 41 Canada 291 Grande Prairie
20%
158.52-117.14 3 Canada 252 High Level
20%
158.649.66 457 Russia 287 Kirov
20%
165.28-126.83 1 Canada 432 Norman Wells
20%
166.9-162.6 3 United States 296 Kotzebue
19%
172.79-56.15 1 Denmark 274 Upernavik
19%

Score Distribution

Percentile by Number Answered

Percent of People with Each Score

Your Score History

You have not taken this quiz